| 000 | 00777nas a2200241 4500 | ||
|---|---|---|---|
| 001 | BR0200720 | ||
| 003 | BR-BrBNA | ||
| 005 | 20231205102727.0 | ||
| 007 | ta | ||
| 008 | 230509b bl.|||p| |||| 00| 00por d | ||
| 040 |
_aBR-BrBNA _bpor _cBiblioteca Nacional de Agricultura |
||
| 072 | _aP34 | ||
| 100 | 1 | _aSilva Filho, G.N. | |
| 100 | 1 | _aVidor, C. | |
| 245 | 1 | _aAtividade de microrganismos solubilizadores de fosfatos na presença de nitrogênio, ferro, cálcio e potássio | |
| 650 | _aMICRORGANISMO | ||
| 650 | _aFÓSFORO | ||
| 650 | _aSOLUBILIZAÇÃO | ||
| 650 | _aNITRATO | ||
| 773 | 0 |
_tPesquisa Agropecuária Brasileira (Brazil) _xISSN 0100-204X _g(Dec 2001), v. 36(12) p. 1495-1508 _wBR0200720 |
|
| 909 |
_a202311 _bLúcia _c55 _dLúcia Elande |
||
| 942 |
_2AGRIS _n0 _cANA |
||
| 999 |
_c169012 _d169012 |
||